Country Neighbour Connect: Least Elevated, starting with World's Least Elevated - Statistics

General Stats
  • This quiz has been taken 119 times
  • The average score is 125 of 154
Answer Stats
COUNTRY % Correct
Gambia
100%
Guinea
100%
Guinea-Bissau
100%
Senegal
100%
Mali
98%
Algeria
93%
Benin
93%
Burkina Faso
93%
Côte d'Ivoire
93%
Ghana
93%
Liberia
93%
Libya
93%
Mauritania
93%
Morocco
93%
Niger
93%
Sierra Leone
93%
Spain
93%
Togo
93%
Tunisia
93%
Afghanistan
90%
Albania
90%
Andorra
90%
Bangladesh
90%
Belarus
90%
Belgium
90%
Bhutan
90%
Bosnia and Herzegovina
90%
Bulgaria
90%
Burma
90%
Cambodia
90%
China
90%
Croatia
90%
Czech Republic
90%
Denmark
90%
Estonia
90%
France
90%
Germany
90%
Greece
90%
Hungary
90%
India
90%
Iran
90%
Iraq
90%
Ireland
90%
Israel
90%
Jordan
90%
Kazakhstan
90%
Kosovo
90%
Kuwait
90%
Kyrgyzstan
90%
Laos
90%
Latvia
90%
Lithuania
90%
Luxembourg
90%
Macedonia
90%
Moldova
90%
Monaco
90%
Montenegro
90%
Nepal
90%
Netherlands
90%
North Korea
90%
Pakistan
90%
Poland
90%
Portugal
90%
Qatar
90%
Romania
90%
Russia
90%
Saudi Arabia
90%
Serbia
90%
South Korea
90%
Syria
90%
Tajikistan
90%
Thailand
90%
Turkey
90%
Turkmenistan
90%
Ukraine
90%
United Kingdom
90%
Uzbekistan
90%
Vietnam
90%
Brunei
88%
East Timor
88%
Indonesia
88%
Malaysia
88%
Mongolia
88%
Papua New Guinea
88%
Armenia
86%
Azerbaijan
86%
Georgia
86%
Angola
83%
Cameroon
83%
Central African Republic
83%
Egypt
83%
Equatorial Guinea
83%
Gabon
83%
Nigeria
83%
Republic of the Congo
83%
Sudan
83%
United Arab Emirates
83%
Zambia
83%
Botswana
81%
Chad
81%
Mozambique
81%
Oman
81%
Yemen
81%
Zimbabwe
81%
Lesotho
79%
Namibia
79%
South Africa
79%
Swaziland
79%
Burundi
76%
Eritrea
76%
Malawi
76%
Rwanda
76%
Tanzania
76%
Democratic Republic of the Congo
74%
Djibouti
74%
Ethiopia
74%
Kenya
74%
Somalia
74%
South Sudan
74%
Uganda
74%
Slovenia
69%
Austria
67%
Liechtenstein
67%
Switzerland
67%
Lebanon
62%
Italy
60%
San Marino
60%
Vatican City
60%
Argentina
55%
Belize
55%
Bolivia
55%
Brazil
55%
Canada
55%
Chile
55%
Colombia
55%
Costa Rica
55%
Ecuador
55%
El Salvador
55%
Finland
55%
Guatemala
55%
Guyana
55%
Honduras
55%
Mexico
55%
Nicaragua
55%
Norway
55%
Panama
55%
Paraguay
55%
Peru
55%
Suriname
55%
Sweden
55%
United States
55%
Uruguay
55%
Slovakia
52%
Venezuela
52%
No matching quizzes found
Score Distribution
Percent of People with Each Score
Percentile by Number Answered
Your Score History
You have not taken this quiz